Los linchamientos en Guatemala : (Registro nro. 51242)
[ vista simple ]
| 000 -LÍDER | |
|---|---|
| Campo fijo de descripción fija | 01395cab a22002294i 4500 |
| 001 - NÚMERO DE CONTROL | |
| Campo de control | 768714001 |
| 003 - IDENTIFICADOR DEL NÚMERO DE CONTROL | |
| Campo de control | CO-MdFUSB |
| 005 - FECHA Y HORA DE LA ULTIMA TRANSACCIÓN | |
| control field | 20230404114408.0 |
| 008 - ELEMENTOS DE LONGITUD FIJA -- INFORMACIÓN GENERAL | |
| Campo fijo de descripción fija -- Información general | 180626s2001 gt ||||| |||| 00| 0 spa d |
| 022 ## - NÚMERO INTERNACIONAL NORMALIZADO PARA PUBLICACIONES SERIADAS | |
| Número Internacional Normalizado para Publicaciones Seriadas | 1014-9341 |
| 040 ## - FUENTE DE CATALOGACIÓN | |
| Agencia Catalogadora | CO-MdFUSB |
| Idioma de catalogación | spa |
| Agencia que realiza la transcripción | CO-MdFUSB |
| Agencia que realiza la modificación | CO-MdFUSB |
| 041 ## - CÓDIGO DE IDIOMA | |
| Código de idioma para texto/pista de sonido o título separado | spa |
| 100 1# - ASIENTO PRINCIPAL--NOMBRE PERSONAL | |
| Nombre personal | Williams, Gary |
| Término relacionador | autor |
| 245 14 - TÍTULO | |
| Título | Los linchamientos en Guatemala : |
| Subtitulo | una perspectiva bíblica |
| Mención de responsabilidad | / Gary Williams |
| 300 ## - DESCRIPCIÓN FÍSICA | |
| Extensión | Número 28 (Enero - Junio, 2001), páginas 27-64 |
| Dimensiones | ; 22 cm |
| 520 ## - NOTA DE RESUMEN, ETC. | |
| Nota de sumario, etc. | Los linchamientos en Guatemala han aumentado espantosamente en los últimos años. Entre las causas más relevantes figuran la desconfianza en el sistema de justicia. La falta de oposición a los linchamientos, el pecado enraizado en el ser humano y la falta de convicción que el linchamiento es un pecado grave. Varios principios bíblicos indican que los cristianos deben condenar el fenómeno y esforzarse para detenerlo. Con base en las Escrituras se puede formular recomendaciones acerca de este problema tanto para la sociedad en general como para la Iglesia. |
| 650 #0 - ASIENTO SECUNDARIO DE MATERIA - TERMINO TEMÁTICO | |
| 9 (RLIN) | 1839 |
| Término temático o nombre geográfico como elemento de entrada | Iglesia y problemas sociales |
| Subdivisión geográfica | Guatemala. |
| 650 #0 - ASIENTO SECUNDARIO DE MATERIA - TERMINO TEMÁTICO | |
| 9 (RLIN) | 6734 |
| Subdivisión geográfica | Guatemala. |
| Subdivisión general | Historia. |
| 773 0# - ASIENTO DE ITEM FUENTE | |
| Título | Kairós |
| Biblionumber | 49489 |
| Itemnumber | 61195 |
| Parte(s) relacionada(s) / Volumen., número. (mes año), páginas | Número 28 (Enero - Junio, 2001), páginas 27-64 |
| Enumeración y primera página | Página 27 |
| 773 0# - ASIENTO DE ITEM FUENTE | |
| Título | Kairós |
| Biblionumber | 49489 |
| Itemnumber | 81315 |
| Parte(s) relacionada(s) / Volumen., número. (mes año), páginas | Número 28 (Enero - Junio, 2001), páginas 27-64 |
| Enumeración y primera página | Página 27 |
| 942 ## - TIPO DE MATERIAL (KOHA) | |
| Tipo de Item KOHA | Artículos de Revista |
No hay ítems disponibles.
